000 00420nam a2200169Ia 4500
003 LK-CoDNM
005 20240802133115.0
008 010623t1917 xxu||||| |||| 00| 1 eng d
040 _aLK-CoDNM
_dLK-CoDNM
_eLK-CoDNM
041 _aeng
080 _a16
_bC13
100 _aPoussin,L.D.L.V.
245 _aThe way to Nirvaana
260 _bCambridge University Press
_c1917
300 _bx, 172p. ; 19 cm
942 _cBK
999 _c89155
_d89155